00818 2200205 4500001002100000005001500021035002000036007000300056008004100059020001800100082001100118084001700129100002400146245005100170250001100221260003500232300002100267520030800288990001600596INLIS00000000000012120260520104400 a0010-0526000009ta260520 b 0 ind  a9786020759364 a297.63 a297.63 BUN c0 aBunda Ary Indriyani1 aCahaya Semakin Bersinar /cBunda Ary Indriyani aCet. I aBandung :bCordoba Kids,cs.a. a21 hlm. :bIlus. aBuku anak Cahaya Semakin Bersinar menceritakan perkembangan dan penyebaran ajaran Islam yang semakin dikenal dan diterima oleh banyak orang. Disajikan dengan bahasa sederhana dan menarik untuk anak, buku ini mengajarkan nilai keimanan, semangat berdakwah, persaudaraan, dan keteguhan dalam berbuat baik. a00000000140